NXT Champions by Year - 2012, 2013 & 2014 - Statistics

General Stats
  • This quiz has been taken 67 times
  • The average score is 15 of 17
Answer Stats
Title Date Event Wrestler % Correct
NXT Championship August 29, 2012 NXT Seth Rollins
100%
Women's May 29, 2014 TakeOver Charlotte
98%
NXT Championship January 9, 2013 NXT Big E Langston
96%
NXT Championship June 12, 2013 NXT Bo Dallas
96%
Women's July 24, 2013 NXT Paige
96%
NXT Championship December 11, 2014 TakeOver: R Evolution Sami Zayn
96%
NXT Championship February 27, 2014 Arrival Adrian Neville
94%
Tag Team February 13, 2013 NXT Adrian Neville
94%
Tag Team July 17, 2013 NXT Adrian Neville
94%
Tag Team July 17, 2013 NXT Corey Graves
82%
Tag Team October 2, 2013 NXT Konnor
82%
Tag Team October 2, 2013 NXT Viktor
82%
Tag Team May 8, 2013 NXT Erick Rowan
76%
Tag Team September 11, 2014 TakeOver: Fatal 4-Way Kalisto
76%
Tag Team May 8, 2013 NXT Luke Harper
76%
Tag Team September 11, 2014 TakeOver: Fatal 4-Way Sin Cara
76%
Tag Team February 13, 2013 NXT Oliver Grey
61%
No matching quizzes found
Score Distribution
Percent of People with Each Score
Percentile by Number Answered
Your Score History
You have not taken this quiz